000 00572nam a2200205 a 4500
005 20240919064303.0
008 061117s2004 mx r 000 0 spa d
020 _a9682325315
035 _aUPN01000148007
049 _aCG
050 4 _aNC703
_bR6.2
100 1 _aRodríguez Morales, Luis
245 1 0 _aDiseño :
_bestrategia y tácticas /
_cLuis Rodríguez Morales.
260 _aMéxico :
_bSiglo XXI,
_c2004.
300 _a183 p. :
_bgráfs.
440 0 _aDiseño y comunicación
650 2 _aDiseño
_914202
650 4 _aARTES GRAFICAS
_92744
905 _aLibro
999 _c120149
_d120149